00515nam a2200145Ia 4500008004100000020001800041041000800059082001700067100001700084245016400101250000600265260006400271300001100335650002300346210716s2012 xx 000 0 und d a9781259029196 aeng a658.802 ALPJ aAlpert, Jed. aMobile marketing revolution: how your brand can have a one-to-one conversation with everyone.bHow your brand can have a one-to-one conversation with everyone. a1 aNew DelhibTata McGraw Hill Education Private Limitedc2012 axv,223 aGeneral Management